| 000 | nam a22 7a 4500 | ||
|---|---|---|---|
| 999 |
_c55577 _d55577 |
||
| 003 | OSt | ||
| 005 | 20220917162853.0 | ||
| 008 | 220917b xxu||||| |||| 00| 0 eng d | ||
| 040 | _cIIMT UNIVERSITY, MEERUT | ||
| 100 | _aSMITH, WILBUR | ||
| 245 | _aTHE DELTA DECISION | ||
| 260 |
_aNEW AMERICAN LIB. _bNEW YORK _c1982 |
||
| 300 | _a391 | ||
| 942 |
_2ddc _c09 |
||